[Event "German Team Cup"]
[Site "Luebeck GER"]
[Date "2001.03.25"]
[Round "2"]
[White "Tischbierek,R"]
[Black "Zeller,F"]
[Result "1-0"]
[WhiteElo "2527"]
[BlackElo "2422"]

1.e4 c5 2.Nc3 e6 3.Nf3 a6 4.d4 cxd4 5.Nxd4 Qc7 6.Bd3 Nf6 7.O-O Bc5 8.Be3 d6
9.Qe2 O-O 10.Na4 e5 11.Nb3 Bxe3 12.Qxe3 Nbd7 13.c4 b6 14.Nc3 Bb7 15.a4 Nc5
16.Nd2 a5 17.Bc2 Bc6 18.Rfd1 Nfd7 19.Nf1 Ne6 20.Ne2 Ndc5 21.f3 Qe7 22.b3 Rad8
23.Rd2 Rd7 24.Rad1 Rfd8 25.Qf2 g6 26.Ne3 Qg5 27.h4 Qf6 28.Ng4 Qe7 29.Nc3 Nf4
30.Kh2 Kh8 31.Ne3 Qe6 32.Qf1 f6 33.g3 Nh5 34.Ncd5 Rb8 35.Qf2 Ng7 36.f4 Bxd5
37.f5 Qf7 38.fxg6 hxg6 39.Nxd5 Ne8 40.Rf1 Kg7 41.Qe3 Qe6 42.Rdf2 Rf7 43.Bd1 Rbb7
44.Kg2 Rf8 45.h5 Rh8 46.Rh1 Kg8 47.Rh4 Rg7 48.Nxb6 f5 49.h6 Rf7 50.exf5 Rxf5
51.Nd5 Rh7 52.Bc2 Rxf2+ 53.Qxf2 Rf7 54.Qe2 Kh8 55.Rg4 e4 56.Nf4 Qf5 57.Nxg6+ Kh7
58.Nh4  1-0

[Event "ch-BUL Women"]
[Site "Plovdiv BUL"]
[Date "2001.03.25"]
[Round "6"]
[White "Georgieva,L"]
[Black "Djingarova,E"]
[Result "1/2-1/2"]
[WhiteElo "2144"]
[BlackElo "2235"]

1.e4 c5 2.Nf3 e6 3.d4 cxd4 4.Nxd4 a6 5.Nc3 b5 6.Bd3 Qb6 7.Nb3 Qc7 8.O-O Bb7
9.f4 d6 10.a3 Nf6 11.g4 d5 12.Qe2 dxe4 13.Nxe4 h5 14.g5 Nxe4 15.Bxe4 Bxe4
16.Qxe4 Qc6 17.Qe2 Nd7 18.Be3 Be7 19.Bd4 O-O 20.Qxh5 Qxc2 21.Rf3 Qh7 22.Qg4 Qf5
23.Qh4 e5 24.Rh3 f6 25.fxe5 Nxe5 26.Rf1 Qxf1+ 27.Kxf1 fxg5+ 28.Qf2 Rxf2+
29.Kxf2 Rf8+ 30.Kg2 Nc4 31.Bc5 Re8 32.Rg3 Bf6 33.Bd4 Re2+ 34.Kh3 Nxb2 35.Bxb2 Rxb2
36.Nc5 Be5 37.Rd3 Rxh2+ 38.Kg4 Bf6 39.Nxa6 Kf7 40.Rb3 Rh4+ 41.Kg3 g4 42.Rxb5 Rh3+
43.Kxg4 Rxa3 44.Nc5 Kg6 45.Rb6 Rc3 46.Nd7 Rc4+ 47.Kf3 Kf5 48.Nxf6 gxf6 49.Rb5+ Kg6
50.Ra5 Rb4 51.Rc5 Rb1 52.Ra5 Rf1+ 53.Kg2 Rf4 54.Kg3 Rb4 55.Kf3 f5 56.Ra8 Kg5
57.Rg8+ Kf6 58.Rf8+ Ke6 59.Re8+  1/2-1/2

[Event "Asian Candidates"]
[Site "Tehran IRI"]
[Date "2001.03.25"]
[Round "1"]
[White "Abbasifar,H"]
[Black "Ghorbani,M"]
[Result "0-1"]
[WhiteElo "2333"]
[BlackElo "2315"]

1.e4 c5 2.Nf3 e6 3.d4 cxd4 4.Nxd4 a6 5.Nc3 Qc7 6.Be2 Nf6 7.O-O Nc6 8.Kh1 Nxd4
9.Qxd4 Bc5 10.Qd3 b5 11.f4 Bb7 12.Bf3 O-O 13.e5 Ne8 14.Bxb7 Qxb7 15.Ne4 Be7
16.f5 exf5 17.Rxf5 d5 18.Nf6+ Nxf6 19.exf6 Bxf6 20.Rxf6 gxf6 21.Bh6 Kh8 22.Qd4 Qe7
23.Bg5 Qe4 24.Bxf6+ Kg8 25.Qf2 Rac8 26.c3 Rfe8 27.Rf1 Rc6 28.h3 Rce6 29.Bd4 Qg6
30.Kh2 Re2 31.Qf3 R8e4 32.Rf2 Qd6+ 33.g3 Rxf2+ 34.Bxf2 Qe6 35.Kg2 Re2 36.Qh5 h6
37.b4 Qe4+ 38.Kf1 Rxa2 39.Qg4+ Qxg4 40.hxg4 Kg7 41.Kg2 Rc2  0-1

[Event "TCh-CHN Men"]
[Site "Suzhou, Jiangsu CHN"]
[Date "2001.03.27"]
[Round "2"]
[White "Wang Jiaquan"]
[Black "Wang Rui"]
[Result "0-1"]
[WhiteElo "2244"]
[BlackElo "2526"]

1.e4 c5 2.Nf3 e6 3.d4 cxd4 4.Nxd4 a6 5.Nc3 Qc7 6.Bd3 Nc6 7.Nxc6 bxc6 8.O-O Nf6
9.Kh1 Be7 10.f4 d6 11.Qe2 e5 12.fxe5 dxe5 13.Bc4 O-O 14.Bg5 Qb6 15.Bb3 a5
16.Qe1 h6 17.Bh4 Qc7 18.a4 Nh5 19.Bxe7 Qxe7 20.Nd1 Nf6 21.Ne3 Qc5 22.Rd1 Rb8
23.Nf5 Bxf5 24.exf5 e4 25.Qg3 Rbd8 26.Rde1 Rd2 27.h3 Rfd8 28.Qf4 Qd4 29.Qc7 Rd7
30.Qxa5 Nh5 31.Kh2 Qd6+ 32.Kg1 Qg3  0-1

[Event "Asian Candidates"]
[Site "Tehran IRI"]
[Date "2001.03.29"]
[Round "9"]
[White "Alavi,S"]
[Black "Moradiabadi,E"]
[Result "1/2-1/2"]
[WhiteElo "2291"]
[BlackElo "2303"]

1.e4 c5 2.Nf3 e6 3.d4 cxd4 4.Nxd4 a6 5.Nc3 b5 6.a3 Bb7 7.Be3 d6 8.f4 Nf6
9.Bd3 Be7 10.Qf3 Nbd7 11.g4 Nc5 12.g5 Nfd7 13.h4 h5 14.Qh3 g6 15.O-O Qc7
16.Rac1 e5 17.Nde2 Nb6 18.f5 Nc4 19.fxg6 fxg6 20.Nd5 Bxd5 21.exd5 Rg8 22.Bxc5 Qxc5+
23.Rf2 Qc8 24.Qf3 Qg4+ 25.Qxg4 hxg4 26.Bxc4 bxc4 27.Rg2 Rb8 28.Rxg4 Rxb2
29.Rxc4 Kd7 30.Ra4 Rc8 31.Rxa6 Rc4 32.Ra7+ Ke8 33.Ra8+ Bd8 34.h5 gxh5 35.Kf2 Rb7
36.Ng3 Rg4 37.Nxh5 Rxg5 38.Nf6+ Ke7 39.Ne4 Bb6+ 40.Ke2 Rh5 41.Rf1 Rh2+ 42.Kd1 Be3
43.Rf7+ Kxf7 44.Nxd6+ Ke7 45.Nxb7 Rd2+ 46.Ke1 Rxd5 47.c4 Rd7 48.Na5  1/2-1/2

[Event "Open"]
[Site "Bled SLO"]
[Date "2001.03.30"]
[Round "7"]
[White "Fercec,N"]
[Black "Orel,O"]
[Result "1-0"]
[WhiteElo "2450"]
[BlackElo "2305"]

1.e4 c5 2.Nf3 e6 3.d4 cxd4 4.Nxd4 a6 5.Nc3 Qc7 6.Bd3 Nc6 7.Be3 Nf6 8.O-O b5
9.Nb3 h5 10.h3 d6 11.f4 b4 12.Na4 Nd7 13.Rc1 Be7 14.c3 Qd8 15.cxb4 Nxb4 16.Bb1 Bb7
17.Nd4 Nc5 18.a3 Nc6 19.b4 Nxd4 20.bxc5 dxc5 21.Nxc5 Bxc5 22.Rxc5 Nb5 23.Qb3 Rc8
24.Rd1 Qe7 25.Qb4 Nd6 26.Rxd6 O-O 27.Rb6 Rb8 28.Rxh5 Qd7 29.Qc4 g6 30.Rh6 Kg7
31.f5  1-0

[Event "56th ch-YUG"]
[Site "Herceg Novi YUG"]
[Date "2001.04.01"]
[Round "9"]
[White "Kovacevic,A"]
[Black "Pavlovic,Mi"]
[Result "1-0"]
[WhiteElo "2521"]
[BlackElo "2496"]

1.e4 c5 2.Nc3 e6 3.Nf3 a6 4.d4 cxd4 5.Nxd4 Qc7 6.Be2 b5 7.O-O Bb7 8.Re1 Nc6
9.Nxc6 dxc6 10.e5 Rd8 11.Bd3 c5 12.Qg4 Ne7 13.Bg5 Rd4 14.Qg3 Nc6 15.a4 b4
16.Ne4 c4 17.Bf1 Nxe5 18.Nf6+ gxf6 19.Bxf6 Rg4 20.Qxe5 Qxe5 21.Rxe5 Rhg8
22.Rd1 Be7 23.Bxe7 Kxe7 24.g3 c3 25.bxc3 bxc3 26.Rc5 Rc8 27.Rxc8 Bxc8 28.f4 Bd7
29.Bxa6 Bxa4 30.Bd3 h5 31.Ra1 Bc6 32.Ra7+ Kd6 33.Rxf7 h4 34.Kf2 hxg3+ 35.hxg3 Rg8
36.Rh7 Bd5 37.Rh5 Kc5 38.f5 exf5 39.Rxf5 Kd4 40.Rf4+ Ke5 41.Rh4 Rf8+ 42.Ke2 Rg8
43.Rh5+ Kd4 44.Kf2 Rf8+ 45.Rf5 Rh8 46.Rf4+ Ke5 47.Ke3 Rh1 48.Rf5+ Ke6 49.Rxd5  1-0

[Event "ch-CUB"]
[Site "Las Tunas CUB"]
[Date "2001.04.01"]
[Round "1"]
[White "Gonzalez,Y"]
[Black "Vazquez,R"]
[Result "0-1"]
[WhiteElo "2426"]
[BlackElo "2393"]

1.e4 c5 2.Nf3 e6 3.d4 cxd4 4.Nxd4 a6 5.Nc3 b5 6.Bd3 Qb6 7.Be3 Bc5 8.Be2 Nc6
9.Nxc6 dxc6 10.Bxc5 Qxc5 11.Qd3 e5 12.Qg3 Kf8 13.O-O-O Be6 14.f4 exf4 15.Qxf4 Ne7
16.Qc7 g6 17.Qf4 g5 18.Qg3 Ng6 19.Bg4 Re8 20.Rhf1 Nf4 21.Bxe6 Rxe6 22.Rd2 Rf6
23.Rfd1 Kg7 24.h4 h6 25.Qg4 Ng6 26.hxg5 hxg5 27.Kb1 b4 28.Ne2 Rh4 29.Qc8 Qe3
30.Qxa6 Rf2 31.Qd3 Rxe4 32.Qxe3 Rxe3 33.Nc1 Rxd2 34.Rxd2 Nf4 35.Nd3 Kf6 36.Kc1 Nxd3+
37.Rxd3 Rxd3 38.cxd3 Ke5 39.Kd2 f5 40.Ke2 f4 41.Kf3 Kf5 42.Ke2 g4 43.Kf2 Ke5
44.Ke1 Kd4 45.Ke2 f3+ 46.gxf3 gxf3+ 47.Kxf3 Kxd3 48.Kf4 c5 49.b3 Kc3  0-1

[Event "Wotulo Mem"]
[Site "Jakarta INA"]
[Date "2001.04.02"]
[Round "13"]
[White "Juswanto,D"]
[Black "Miezis,N"]
[Result "1-0"]
[WhiteElo "2487"]
[BlackElo "2532"]

1.e4 c5 2.Nf3 e6 3.d4 cxd4 4.Nxd4 a6 5.Nc3 Qc7 6.Bd3 Nc6 7.Nb3 Bd6 8.Qg4 Kf8
9.f4 Bb4 10.O-O Nh6 11.Qh5 f6 12.Be3 Nf7 13.Rad1 Be7 14.a3 b5 15.Ne2 Na5
16.Nxa5 Qxa5 17.c3 Qc7 18.Bc2 Bb7 19.Nd4 Qc8 20.Nb3 g6 21.Qe2 Qc7 22.Qf2 Nd6
23.Bb6 Qc8 24.e5 Nf5 25.Bc5 fxe5 26.fxe5 h5 27.Bxe7+ Kxe7 28.Nc5 Bd5 29.b4 Qf8
30.Bxf5 gxf5 31.Qh4+ Ke8 32.Rxd5 exd5 33.Nb7 Qe7 34.Nd6+ Kd8 35.Nf7+ Ke8
36.Nd6+ Kd8 37.Qd4 Qh7 38.Qb6+ Ke7 39.Nxf5+ Kf8 40.Qf6+  1-0

[Event "Wotulo Mem"]
[Site "Jakarta INA"]
[Date "2001.04.02"]
[Round "13"]
[White "Wahono,A"]
[Black "Hulak,K"]
[Result "0-1"]
[WhiteElo "2401"]
[BlackElo "2546"]

1.e4 c5 2.Nf3 e6 3.d4 cxd4 4.Nxd4 a6 5.Nc3 d6 6.Be2 Nf6 7.O-O b5 8.Bf3 Ra7
9.a3 Rc7 10.Re1 Be7 11.Bd2 Bb7 12.Nce2 Qc8 13.Ng3 O-O 14.a4 Rc4 15.c3 Rxa4
16.Rxa4 bxa4 17.Qxa4 Nbd7 18.Qc2 g6 19.Bd1 Qa8 20.Bh6 Rc8 21.Qe2 a5 22.f4 Nc5
23.Bc2 a4 24.e5 dxe5 25.fxe5 Nfd7 26.Ra1 Ba6 27.Qe3 Qb8 28.Re1 Nb6 29.Qf3 Nd5
30.Ngf5 exf5 31.Qxd5 Bb7 32.Qa2 Qa8 33.Qb1 Ne4 34.g4 Bh4 35.gxf5 Nf2 36.Re2 Nh3+
37.Kf1 Ba6 38.Be4 Bxe2+ 39.Kxe2 Qb8 40.Nf3 Bg5 41.Bxg5 Nxg5 42.Nxg5 Qxe5
43.Nf3 Qb5+ 44.Bd3 Qb6 45.Nd2 Re8+ 46.Kd1 Qg1+ 47.Kc2 Re1 48.Qa2  0-1

[Event "It"]
[Site "Antalya TUR"]
[Date "2001.04.05"]
[Round "6"]
[White "Atakisi,U"]
[Black "Moroz,A"]
[Result "0-1"]
[WhiteElo "2337"]
[BlackElo "2525"]

1.e4 c5 2.Nf3 e6 3.d4 cxd4 4.Nxd4 a6 5.Nc3 Qc7 6.Bd3 Nc6 7.Be3 b5 8.Nxc6 Qxc6
9.O-O Bb7 10.f4 Nf6 11.Qf3 b4 12.Ne2 Nxe4 13.Nd4 Qd5 14.f5 Nf6 15.fxe6 dxe6
16.Qe2 Be7 17.c4 bxc3 18.bxc3 O-O 19.Rab1 Rfd8 20.Bf4 Bd6 21.Bg5 Qxg5 22.Rxb7 Bc5
23.Kh1 Bxd4 24.cxd4 a5 25.Bc4 Rxd4 26.Rxf7 Kxf7 27.Qxe6+ Kg6 28.Rf3 h5 29.Qf7+ Kh6  0-1

[Event "Spring Festival Women"]
[Site "Bucharest ROM"]
[Date "2001.04.06"]
[Round "1"]
[White "Apostoaie,Li"]
[Black "Marin,L"]
[Result "0-1"]
[WhiteElo "2180"]
[BlackElo "2196"]

1.e4 c5 2.Nf3 e6 3.d4 cxd4 4.Nxd4 a6 5.Nc3 Qc7 6.Be3 Nf6 7.f3 Bb4 8.Ne2 d5
9.exd5 Nxd5 10.Bd2 Nxc3 11.Nxc3 Nc6 12.Ne4 O-O 13.Bxb4 Nxb4 14.c3 Rd8 15.Qb3 Nd5
16.O-O-O Bd7 17.Re1 Rac8 18.Kb1 Qa5 19.Be2 Ba4 20.Qa3 Ne3 21.b3 f5 22.Nd6 Rxc3
23.Nc4 Nxc4 24.Bxc4 Rxc4 25.bxc4 Rd2 26.Ka1 Qb6 27.c5 Qd8 28.Qc3 Rc2 29.Qe5 Bb3
30.Re2 Rxe2 31.Qxe2 Qd4+ 32.Qb2 Qxb2+ 33.Kxb2 Bd5 34.Kc3 Kf7 35.a4 e5 36.Rb1 Ke6
37.Rb6+ Bc6 38.Kc4 Kd7 39.a5 g5 40.Rb2 h5 41.Rd2+ Ke7 42.Rd6 g4 43.fxg4 hxg4
44.g3 f4 45.gxf4 exf4 46.Rd4 g3 47.Rxf4 gxh2 48.Rh4 h1=Q  0-1

[Event "7th Open"]
[Site "Werther GER"]
[Date "2001.04.07"]
[Round "2"]
[White "Goessling,G"]
[Black "Epishin,V"]
[Result "0-1"]
[WhiteElo "2207"]
[BlackElo "2578"]

1.e4 c5 2.Nf3 e6 3.d4 cxd4 4.Nxd4 a6 5.Nc3 b5 6.Bd3 Qb6 7.Nb3 Qc7 8.O-O d6
9.a3 Nc6 10.Qe2 Be7 11.f4 Nf6 12.Bd2 O-O 13.Rae1 b4 14.axb4 Nxb4 15.e5 dxe5
16.fxe5 Nd7 17.Be4 Bb7 18.Qh5 Bxe4 19.Rxe4 f5 20.exf6 Nxf6 21.Qe5 Bd6 22.Qxe6+ Kh8
23.Rh4 Nxc2 24.Kh1 Rab8 25.Nd4 Nxd4 26.Rxd4 Bxh2 27.Bf4 Bxf4 28.Rdxf4 Rfe8
29.Qxa6 Nh5  0-1

[Event "Czech Extra League 2000-1"]
[Site "CZE"]
[Date "2001.04.08"]
[Round "11"]
[White "Suran,J"]
[Black "Mikhaletz,L"]
[Result "1-0"]
[WhiteElo "2352"]
[BlackElo "2499"]

1.e4 c5 2.Nf3 e6 3.d4 cxd4 4.Nxd4 a6 5.Nc3 Qc7 6.Bd3 Nc6 7.Be3 Nf6 8.O-O Bb4
9.Nxc6 bxc6 10.Na4 Rb8 11.c4 Be7 12.c5 O-O 13.h3 g6 14.Qc2 Nh5 15.Rfd1 Bf6
16.Nb6 Bg7 17.Qd2 f5 18.exf5 gxf5 19.Bh6 Rf6 20.Bxg7 Nxg7 21.Nc4 Qd8 22.Be2 Qf8
23.b4 Rf7 24.Rab1 Re7 25.Qf4 Bb7 26.Rb3 Ba8 27.a3 a5 28.Nxa5 e5 29.Bc4+ Kh8
30.Qh6 f4 31.Rd6 Nf5 32.Qf6+ Qxf6 33.Rxf6 Nd4 34.Rd3 Kg7 35.Rd6 f3 36.gxf3 Rd8
37.Kf1 h6 38.f4 Nf5 39.Nxc6 Bxc6 40.Rxc6 e4 41.Rd5 dxc6 42.Rxd8 Ra7 43.Be6 Kf6
44.Bxf5 Kxf5 45.Rf8+ Ke6 46.Rh8 Rxa3 47.Rxh6+ Kf5 48.Rxc6 Rb3 49.Rc8 Kxf4
50.c6 Ke5 51.Re8+ Kd6 52.Rxe4 Kxc6 53.Kg2 Kd5 54.f3  1-0

[Event "32nd Open"]
[Site "Mar del Plata ARG"]
[Date "2001.04.09"]
[Round "3"]
[White "Musanti,D"]
[Black "Giardelli,S"]
[Result "1-0"]
[WhiteElo "2287"]
[BlackElo "2438"]

1.e4 c5 2.Nf3 e6 3.d4 cxd4 4.Nxd4 a6 5.Nc3 Qc7 6.Bd3 b5 7.O-O Bb7 8.Kh1 Nc6
9.Nxc6 Qxc6 10.a3 Nf6 11.Re1 h5 12.h3 Bc5 13.Be3 Bd6 14.Bd4 Be7 15.Be2 d6
16.Bf3 e5 17.Be3 Rc8 18.Bg5 Qc5 19.Qd2 Ng4 20.Bxg4 hxg4 21.Bxe7 Kxe7 22.Qg5+ Kf8
23.Qxg4 g6 24.Rad1 Kg7 25.Qd7 Bc6 26.Qxd6 Qxd6 27.Rxd6 a5 28.f3 Rhe8 29.Re2 Re7
30.Red2 Rec7 31.Nd5 Rb7 32.Ne3 b4 33.axb4 Rxb4 34.c3 Rb5 35.Nd5 Rb7 36.Kg1 a4
37.Ne3 Bb5 38.h4 Rcb8 39.g4 Be8 40.Nc4 f6 41.g5 fxg5 42.hxg5  1-0

[Event "ch-PHI"]
[Site "Quezon City PHI"]
[Date "2001.04.10"]
[Round "9"]
[White "Senador,E"]
[Black "Garma,C"]
[Result "1-0"]
[WhiteElo "2410"]
[BlackElo "2400"]

1.e4 c5 2.Nc3 e6 3.Nf3 a6 4.d4 cxd4 5.Nxd4 b5 6.Bd3 Qc7 7.O-O Nf6 8.Qe2 Bb7
9.Kh1 Nc6 10.Nxc6 Qxc6 11.a3 Bc5 12.Be3 Bxe3 13.Qxe3 O-O 14.Qh3 d6 15.f4 Nd7
16.Rf3 Nc5 17.Nd5 Rfe8 18.Nf6+ Kf8 19.Nxe8 Rxe8 20.Qxh7 Nxe4 21.Bxe4 Qxe4
22.Qxe4 Bxe4 23.Rc3 Ke7 24.Re1 d5 25.Rc6 Ra8 26.Kg1 Kd7 27.Rc5 Kd6 28.b4 f5
29.Re3 e5 30.fxe5+ Kxe5 31.Rg3 Ra7 32.h4 f4 33.Rg5+ Kd4 34.Kf2 Re7 35.h5 Rd7
36.Ke2 Bh7 37.Kf3 Be4+ 38.Kxf4 Rf7+ 39.Kg3 Bf5 40.Kh4 Be4 41.g3 Bf5 42.c3+ Ke4
43.g4 Be6 44.Rc6 Re7 45.Rxa6 Kf4 46.Rxe6 Rxe6 47.Rxd5 Re1 48.Rf5+ Ke4 49.Rf7 Rc1
50.Rxg7 Rxc3 51.h6 Rxa3 52.h7 Ra1 53.Kg5  1-0

[Event "Israel Open Ch"]
[Site "Tel Aviv ISR"]
[Date "2001.04.10"]
[Round "2"]
[White "Ribshtein,N"]
[Black "Kaspi,A"]
[Result "1/2-1/2"]
[WhiteElo "2329"]
[BlackElo "2491"]

1.e4 c5 2.Nf3 e6 3.d4 cxd4 4.Nxd4 a6 5.Nc3 b5 6.Bd3 Qb6 7.Be3 Bc5 8.Qg4 Bxd4
9.e5 Nc6 10.Qxg7 Bxe5 11.Qxe5 Nxe5 12.Bxb6 Nxd3+ 13.cxd3 d5 14.Bd4 f6 15.f4 Kf7
16.g4 h6 17.a4 b4 18.Na2 a5 19.Rc1 Bd7 20.Rc7 Ke8 21.b3 Rh7 22.Kd2 Rf7 23.Nc1 Ne7
24.Ne2 Nc6 25.Bb2 e5 26.Rc1 Ra6 27.d4 exd4 28.h3 Re7 29.Nxd4 Nxd4 30.Bxd4 Rae6
31.Kd3 Re2 32.R7c2 R2e4 33.f5 h5 34.Bxf6 Rf7 35.Bd4 hxg4 36.hxg4 Rxg4 37.Re2+ Kf8
38.Bc5+ Kg8 39.Rg1 Bxf5+ 40.Kd2 Rxg1 41.Bxg1 Rc7  1/2-1/2

[Event "FSIMB April"]
[Site "Budapest HUN"]
[Date "2001.04.12"]
[Round "6"]
[White "Roberts,P"]
[Black "Nemeth,Z"]
[Result "0-1"]
[WhiteElo "2177"]
[BlackElo "2319"]

1.e4 c5 2.Nf3 e6 3.d4 cxd4 4.Nxd4 a6 5.Nc3 b5 6.Bd3 Qb6 7.Nb3 Qc7 8.O-O Bb7
9.a3 Nf6 10.Qe2 d5 11.Bg5 Nbd7 12.Rae1 dxe4 13.Nxe4 Be7 14.Nxf6+ Nxf6 15.f4 Bd6
16.Bxf6 gxf6 17.Be4 Bxe4 18.Qxe4 Rc8 19.c3 O-O 20.Rf3 Bc5+ 21.Nxc5 Qxc5+
22.Qe3 Rfd8 23.Qxc5 Rxc5 24.Rfe3 Rf5 25.g3 h5 26.Kg2 Kg7 27.Re4 Rfd5 28.Kf3 Kg6
29.R4e3 Kf5 30.h3 Rg8 31.Rg1 e5 32.g4+ Ke6 33.Rge1 hxg4+ 34.hxg4 Rh8 35.Kg3 Rhd8
36.Kf3 Rc8 37.R1e2 a5 38.Rh2 a4 39.fxe5 fxe5 40.Rh6+ f6 41.g5 Rf8 42.Re2 Kf5
43.Rxf6+ Rxf6 44.gxf6 Kxf6 45.Ke4 Rc5 46.Re1 Ke6 47.Rd1 Rc4+ 48.Ke3 Rh4 49.Rd2 Rh1
50.Ke4 Rh3 51.Rg2 Rh4+ 52.Ke3 Kd5 53.Rd2+ Kc4 54.Rd8 Rh2 55.Rc8+ Kb3 56.Rb8 Rxb2
57.Rxb5+ Kxc3 58.Rxe5 Kb3 59.Kd3 Kxa3 60.Kc3 Ka2 61.Ra5 a3 62.Ra8 Rb7 63.Ra6 Rc7+
64.Kb4 Kb2 65.Rh6 a2  0-1

[Event "Israel Open Ch"]
[Site "Tel Aviv ISR"]
[Date "2001.04.12"]
[Round "4"]
[White "Gofshtein,L"]
[Black "Stepak,Y"]
[Result "1-0"]
[WhiteElo "2523"]
[BlackElo "2276"]

1.e4 c5 2.Nf3 e6 3.d4 cxd4 4.Nxd4 a6 5.Nc3 Qc7 6.Be3 Nf6 7.Bd3 Nc6 8.O-O Be7
9.Kh1 d6 10.f4 h5 11.Qf3 Bd7 12.Nb3 Ng4 13.Bg1 g5 14.g3 gxf4 15.gxf4 Bf6
16.Be2 Ne7 17.Nd4 O-O-O 18.a4 e5 19.Ndb5 axb5 20.axb5 Be6 21.b6 Qb8 22.Nb5 exf4
23.Nc7 Kd7 24.Bb5+ Nc6 25.Qxf4 Be5 26.Qd2 Nf6 27.Ra3 Rhg8 28.Bxc6+ bxc6 29.Be3 Nxe4
30.Qb4 Nf2+ 31.Rxf2 Qxc7 32.Qe4 Qb8 33.c4 Rg4 34.Qc2 Bxc4 35.Rd2 Be6 36.Rd1 Ke8
37.Qxc6+ Kf8 38.Ra8 Kg7 39.Rxb8 Rxb8 40.h3 Rg3 41.Rg1  1-0

[Event "ch-CUB"]
[Site "Las Tunas CUB"]
[Date "2001.04.13"]
[Round "11"]
[White "Perez,Rod"]
[Black "Gongora,M"]
[Result "0-1"]
[WhiteElo "2471"]
[BlackElo "2417"]

1.e4 c5 2.Nf3 e6 3.Nc3 a6 4.d4 cxd4 5.Nxd4 Qc7 6.Be2 b5 7.O-O Bb7 8.Re1 d6
9.a4 b4 10.Na2 Nf6 11.Bf3 e5 12.Nf5 a5 13.Bg5 Nfd7 14.c3 Qb6 15.Ne3 h6 16.Nd5 Bxd5
17.Be3 Qb7 18.exd5 bxc3 19.Rb1 cxb2 20.Qd2 Be7 21.Rxb2 Qc8 22.Rc1 Qd8 23.Rb7 O-O
24.Rcc7 Bg5 25.Bxg5 hxg5 26.Ra7 Nb6 27.Nc3 N8d7 28.Be2 Rxa7 29.Rxa7 Nc5 30.Bb5 Qb8
31.Re7 Nbxa4 32.Bxa4 Nxa4 33.h3 Qb4 34.Rc7 Nxc3 35.Rxc3 g6 36.Qc2 Rb8 37.Kh2 Kg7
38.Rc6 Rb5 39.Rc4 Qb2 40.Qxb2 Rxb2 41.Rc6 Rxf2 42.Rxd6 Rd2  0-1

[Event "Osteropen"]
[Site "Essen-Borbeck GER"]
[Date "2001.04.14"]
[Round "6"]
[White "Zaragatski,I"]
[Black "Rosskothen,A"]
[Result "1-0"]
[WhiteElo "2209"]
[BlackElo "2248"]

1.e4 c5 2.Nf3 e6 3.d4 cxd4 4.Nxd4 a6 5.Nc3 Qc7 6.Bd3 Nf6 7.O-O Nc6 8.Be3 Ne5
9.h3 Bc5 10.f4 Nxd3 11.Qxd3 d6 12.Kh1 O-O 13.Nb3 Bxe3 14.Qxe3 b6 15.a4 Bb7
16.e5 Nh5 17.Kh2 dxe5 18.Qxe5 Qc6 19.Rf2 Nf6 20.a5 Rad8 21.axb6 Qxb6 22.Qc5 Rd6
23.Qxb6 Rxb6 24.Na4 Rb4 25.Nac5 Ne4 26.Nxe4 Bxe4 27.Nc5 Bb7 28.c3 Rb5 29.b4 Ra8
30.Rd2 g6 31.Rd7 Bd5 32.Rxa6 Rc8 33.Raa7 Rcxc5 34.bxc5 Rb2 35.Rxd5 exd5 36.Ra8+  1-0

[Event "32nd Open"]
[Site "Mar del Plata ARG"]
[Date "2001.04.14"]
[Round "8"]
[White "Van Riemsdijk,H"]
[Black "Panno,O"]
[Result "0-1"]
[WhiteElo "2363"]
[BlackElo "2471"]

1.e4 c5 2.Nf3 e6 3.d4 cxd4 4.Nxd4 a6 5.Nc3 Qc7 6.Be3 Nf6 7.a3 Bc5 8.Be2 d6
9.Qd2 O-O 10.O-O b5 11.Nb3 Bxe3 12.Qxe3 Bb7 13.f4 Nbd7 14.Rad1 Rad8 15.Bf3 e5
16.f5 Nb6 17.Nd2 d5 18.exd5 Bxd5 19.Nde4 Bxe4 20.Nxe4 Nc4 21.Nxf6+ gxf6 22.Qc3 Qb6+
23.Kh1 Ne3 24.Rxd8 Rxd8 25.Rg1 Nxf5 26.Be4 Ne3 27.Re1 Qd4 28.Qxd4 Rxd4 29.Bd3 Nc4
30.b3 Nxa3 31.Kg1 a5 32.Kf2 Rd5 33.Ke3 b4 34.Rf1 Kg7 35.Rf3 Rc5 36.Kd2  0-1

[Event "Osteropen"]
[Site "Essen-Borbeck GER"]
[Date "2001.04.15"]
[Round "8"]
[White "Rizouk,A"]
[Black "Podzielny,KH"]
[Result "1/2-1/2"]
[WhiteElo "2406"]
[BlackElo "2471"]

1.e4 c5 2.Nf3 e6 3.d4 cxd4 4.Nxd4 a6 5.Nc3 Qc7 6.Bd3 Nf6 7.O-O b5 8.a3 Bb7
9.Qe2 d6 10.f4 Nbd7 11.Nb3 Be7 12.Be3 h5 13.h3 h4 14.Qf2 Rc8 15.Rad1 Nh7
16.Ne2 Qb8 17.Bd4 Nhf6 18.Nc3 Ba8 19.Rde1 e5 20.Be3 Bd8 21.fxe5 dxe5 22.Nd2 Nc5
23.Kh2 Qd6 24.Be2 Ne6 25.Rd1 Qe7 26.Kh1 Bc7 27.Nb3 Bb8 28.Bf3 Bd6 29.Rd2 Rxc3
30.bxc3 Bxa3 31.Rfd1 Bxe4 32.Bc5 Bxc5 33.Nxc5 Bxf3 34.Nxe6 Bxd1 35.Rd8+ Qxd8
36.Nxd8 O-O 37.Nc6 Re8 38.Qc5 Bxc2 39.Nxe5 Be4 40.Nf3 Bxf3 41.gxf3 Re6 42.Qd4 Rc6
43.Qd8+ Kh7 44.Qd4 Rc4 45.Qd3+ g6 46.Qd6 Nh5 47.Qxa6 Rxc3 48.Qxb5 Rxf3 49.Qd7 Rf1+
50.Kh2 Rf2+ 51.Kg1 Rf5 52.Qd8 g5 53.Qd3 Ng7 54.Kg2 Kg6 55.Qe4 Ne6 56.Qa8 Nf4+
57.Kh2 Rd5 58.Qg8+ Kf6 59.Qh8+ Ke7 60.Qc3 f6 61.Qc7+ Ke6 62.Qc8+ Ke5 63.Qc7+ Ke4
64.Qc4+ Kf5 65.Qc8+ Ke5 66.Qc7+ Rd6 67.Qc3+ Ke4 68.Qc4+ Ke3 69.Qc5+ Rd4 70.Qe7+ Kf3
71.Qxf6 Rd2+ 72.Kh1  1/2-1/2

[Event "32nd Open"]
[Site "Mar del Plata ARG"]
[Date "2001.04.15"]
[Round "9"]
[White "Rosito,J"]
[Black "Giardelli,S"]
[Result "1/2-1/2"]
[WhiteElo "2390"]
[BlackElo "2438"]

1.e4 c5 2.Nf3 e6 3.d4 cxd4 4.Nxd4 a6 5.Nc3 Qc7 6.Be2 Nf6 7.O-O Bc5 8.Be3 O-O
9.Kh1 b5 10.Bf3 Bxd4 11.Bxd4 e5 12.Be3 d6 13.g4 Bb7 14.g5 Nfd7 15.Nd5 Bxd5
16.Qxd5 Nb6 17.Bxb6 Qxb6 18.Qxa8 Nc6 19.Qxf8+ Kxf8 20.c3 Nd8 21.Bg4 Qb7 22.Rfe1 Qe7
23.Rad1 g6 24.Bc8 Qc7 25.Bg4 Nb7 26.Rd2 Nc5 27.Re3 Kg7 28.h4 Qe7 29.b4 Ne6
30.Bxe6 Qxe6 31.Kg2 Qg4+ 32.Kf1 Qxh4 33.Rxd6 Qxg5 34.Rxa6 h5 35.Rf3 Qg4 36.Raf6 Qxe4
37.Rxf7+ Kh6 38.Rf8  1/2-1/2

[Event "Classics GM"]
[Site "Gausdal NOR"]
[Date "2001.04.17"]
[Round "3"]
[White "Trygstad,K"]
[Black "Miezis,N"]
[Result "1-0"]
[WhiteElo "2322"]
[BlackElo "2596"]

1.e4 c5 2.Nf3 e6 3.d4 cxd4 4.Nxd4 a6 5.Nc3 Qc7 6.Bd3 Nc6 7.Be3 Nf6 8.O-O h5
9.h3 Nxd4 10.Bxd4 Bc5 11.Bxc5 Qxc5 12.Na4 Qa5 13.c4 d6 14.Bc2 Qc7 15.Qd3 Bd7
16.Rfd1 Ke7 17.Qa3 Bxa4 18.e5 Ne8 19.Bxa4 b5 20.Bb3 Rb8 21.cxb5 Rxb5 22.exd6+ Nxd6
23.Rac1 Qb8 24.Rxd6 Kf6 25.Rd3 Rf5 26.Qd6 Qxd6 27.Rxd6 a5 28.Rc7 g5 29.Rdd7 Rf8
30.Bd1 g4 31.hxg4 hxg4 32.Bxg4 Rb5 33.b3 a4 34.bxa4 Rb1+ 35.Kh2 Rb4 36.f3 Rxa4
37.Ra7 Rc4 38.a4 Kg6 39.a5 f5 40.Bh3 Ra4 41.Rd6 Kf6 42.a6 Re8 43.Rb6 Ke5
44.Rc7 Kf4 45.a7 Kg5 46.f4+ Kf6 47.Bxf5 Kxf5 48.Rb8 Rxa7 49.Rb5+  1-0

[Event "Open"]
[Site "Dubai UAE"]
[Date "2001.04.20"]
[Round "6"]
[White "Shabash,A"]
[Black "Ghaem Maghami,E"]
[Result "0-1"]
[WhiteElo "2240"]
[BlackElo "2500"]

1.e4 c5 2.Nf3 e6 3.d4 cxd4 4.Nxd4 a6 5.Nc3 Qc7 6.Bd3 b5 7.O-O Bb7 8.Re1 Bc5
9.Be3 Be7 10.a4 b4 11.Nce2 Nf6 12.Bf4 e5 13.Bg3 g6 14.Nc1 d6 15.Ncb3 exd4
16.e5 dxe5 17.Bxe5 Qc6 18.Qf3 Qxf3 19.gxf3 Kf8 20.Bxd4 Nbd7 21.Re3 Bd6 22.Rae1 Bd5
23.Bf1 Bxb3 24.Rxb3 Kg7 25.Rd3 Bc5 26.Bh3 Bxd4 27.Rxd4 b3 28.c3 Nc5 29.Re5 Ne6
30.Bxe6 fxe6 31.Rxe6 Rhd8 32.Rb4 Rd1+ 33.Kg2 Nd5 34.Rb7+ Kg8 35.Re5 Nf4+
36.Kg3 Rg1+ 37.Kxf4 Rf8+ 38.Ke4 Re1+ 39.Kd3  0-1

[Event "Open"]
[Site "Dubai UAE"]
[Date "2001.04.20"]
[Round "6"]
[White "Shabash,A"]
[Black "Ghaem Maghami,E"]
[Result "0-1"]
[WhiteElo "2240"]
[BlackElo "2500"]

1.e4 c5 2.Nf3 e6 3.d4 cxd4 4.Nxd4 a6 5.Nc3 Qc7 6.Bd3 b5 7.O-O Bb7 8.Re1 Bc5
9.Be3 Be7 10.a4 b4 11.Nce2 Nf6 12.Bf4 e5 13.Bg3 g6 14.Nc1 d6 15.Ncb3 exd4
16.e5 dxe5 17.Bxe5 Qc6 18.Qf3 Qxf3 19.gxf3 Kf8 20.Bxd4 Nbd7 21.Re3 Bd6 22.Rae1 Bd5
23.Bf1 Bxb3 24.Rxb3 Kg7 25.Rd3 Bc5 26.Bh3 Bxd4 27.Rxd4 b3 28.c3 Nc5 29.Re5 Ne6
30.Bxe6 fxe6 31.Rxe6 Rhd8 32.Rb4 Rd1+ 33.Kg2 Nd5 34.Rb7+ Kg8 35.Re5 Nf4+
36.Kg3 Rg1+ 37.Kxf4 Rf8+ 38.Ke4 Re1+ 39.Kd5 Rd8+ 40.Kc4 Rxe5 41.Kxb3 Rd2
42.Kc4 Rxf2 43.b4 Rxf3 44.Rc7 Kf8 45.Rc6 Ke7 46.Kb3 Ree3 47.b5 a5 48.Rc5 Kd7
49.b6 g5 50.h3 Rxh3 51.Rc7+ Kd6 52.Rc8 Rxc3+  0-1

[Event "GMB"]
[Site "Dos Hermanas ESP"]
[Date "2001.04.21"]
[Round "3"]
[White "Rivas Pastor,M"]
[Black "Spraggett,K"]
[Result "1/2-1/2"]
[WhiteElo "2429"]
[BlackElo "2526"]

1.e4 c5 2.Nc3 e6 3.Nf3 a6 4.d4 cxd4 5.Nxd4 Qc7 6.g3 Bb4 7.Ne2 Nf6 8.Bg2 Be7
9.O-O Nc6 10.a4 O-O  1/2-1/2

[Event "Open"]
[Site "Dubai UAE"]
[Date "2001.04.22"]
[Round "7"]
[White "El Arousy,A"]
[Black "Annageldyev,O"]
[Result "1/2-1/2"]
[WhiteElo "2370"]
[BlackElo "2503"]

1.e4 c5 2.Nf3 e6 3.Nc3 a6 4.d4 cxd4 5.Nxd4 b5 6.Bd3 Bb7 7.O-O Qb6 8.Be3 Bc5
9.Nce2 Qc7 10.a4 b4 11.c3 Nf6 12.cxb4 Bxb4 13.Rc1 Nc6 14.Nxc6 dxc6 15.Qb3 a5
16.Bf4 e5 17.Be3 O-O 18.Bc5 Rfd8 19.f3 Bxc5+ 20.Rxc5 Rab8 21.Nc1 Nd7 22.Rc3 Ba8
23.Qc2 Qb6+ 24.Rf2 Nf8 25.Bc4 Rb7 26.g3 Rbd7 27.Kg2 Bb7 28.Nd3 Re7 29.Nc5 Bc8
30.Rd2 Rd4 31.Nb3 Rxd2+ 32.Qxd2 Rd7 33.Rd3 Rxd3 34.Qxd3 Qb4 35.Qc3 Qxa4 36.Nxa5 c5
37.Nb3 Nd7 38.Qd3 Qc6 39.Bb5 Qc7 40.Bxd7 c4 41.Qd5 Qxd7 42.Nc5 Qxd5 43.exd5 Kf8
44.d6 Ke8 45.Kf2 Bd7 46.Ke3 Be6 47.f4 f6 48.fxe5 fxe5 49.Kd2 Bd5 50.Kc3 g6
51.Kd2 h6 52.Ke3 Kd8 53.Kd2 Ke8 54.Kc3 Kd8 55.Kb4 h5 56.Na4 e4 57.Nc5 e3
58.Kc3 Ke8 59.Kc2 Bf3 60.Kc3 Bd5 61.Kc2 Bf3 62.Kc1 Bg4 63.Na4 Bd7 64.Nb6 Bb5
65.Kd1 Kd8 66.Ke1 Ke8 67.h4 Kd8 68.Kd1 Ke8 69.Ke1 Kd8 70.Nd5 Kd7 71.Nf4 Kxd6
72.Nxg6 Kc5 73.Nf4 Kb4 74.Nxh5 Kb3 75.Nf4 Kxb2 76.Nd5 e2 77.h5 c3 78.Ne3 c2
79.Nxc2 Kxc2 80.h6 Bd3  1/2-1/2